000 00527nam a2200169Ia 4500
999 _c34870
_d34870
003 OSt
005 20200204150442.0
008 190216s9999||||xx |||||||||||||| ||und||
040 _coclc
082 _a324
_bVAR/N
100 _aVarghese, T
_91814
245 0 _aNew Democracy And Local Government In Hungary /
_cT Varghese
260 _bDr.Ambathekar Institute Of Legal Studies,
_c1999.
_aThiruvananthapuram:
300 _a153p
650 _aPolitical Science
942 _cBK
_2ddc
_h324
_iVAR/N
_k324
_mVAR/N